01189cam a2200277 i 45000010008000000030004000080050017000120080041000290100017000700200031000870400018001180430012001360500018001480820020001662450251001862600032004373000026004694900075004955040051005706500039006216500045006606510059007057000055007647000049008197100043008681744480OSt20230704131951.0751202s1976 nyu b 001 0 eng  a 75023999  c$12.50.a0275894800c$4.95 aDLCcDLCdDLC an-us---00aKF4651.A5bC600a353.008/92bWIL04aThe Constitution and the conduct of foreign policy :ban inquiry by a panel of the American Society of International Law /cedited by Francis O. Wilcox, Richard A. Frank ; published under the auspices of the American Society of International Law. aNew York :bPraeger,c1976. axiv, 145 p. ;c24 cm.0 aPraeger special studies in U.S. economic, social, and political issues aIncludes bibliographical references and index. 0aConstitutional lawzUnited States. 0aWar and emergency powerszUnited States. 0aUnited StatesxForeign relationsxLaw and legislation.1 aWilcox, Francis O.q(Francis Orlando),d1908-1985.1 aFrank, Richard A.q(Richard Anthony),d1911-2 aAmerican Society of International Law.